Minecraft: Rozpoznaj Moby po Zdjęciu - Statystyki

Ogólne statystyki
  • Ten quiz został rozwiązany 755 razy
    89 od ostatniego zresetowania
  • Średni wynik to 61 z 83
Statystyki odpowiedzi
Obrazkowy Odpowiedź % Poprawnych
Czychacz | Creeper
97%
Delfin | Dolphin
97%
Ghast
92%
Koń | Horse
92%
Kresostwór | Enderman
92%
Królik | Rabbit
92%
Krowa | Cow
92%
Kura | Chicken
92%
Lama | Llama
92%
Lis | Fox
92%
Nietoperz | Bat
92%
Osadnik | Villager
92%
Osioł | Donkey
92%
Owca | Sheep
92%
Pająk | Spider
92%
Kałamarnica | Squid
90%
Koza | Goat
90%
Niedźwiedź Polarny | Polar Bear
90%
Aksolotl | Axolotl
89%
Kot | Cat
89%
Panda
89%
Pszczoła | Bee
89%
Pająk Jaskiniowy | Cave Spider
87%
Papuga | Parrot
87%
Koń-Szkielet | Skeleton Horse
85%
Ocelot
85%
Płomyk | Blaze
85%
Smok Endu | Ender Dragon
85%
Śnieżny Golem | Snow Golem
85%
Osadnik-Zombie | Zombie Villager
84%
Świnia | Pig
84%
Szkielet | Skeleton
84%
Endermit | Endermite
82%
Kijanka | Tadpole
82%
Kostka Magmy | Magma Cube
82%
Łosoś | Salmon
82%
Piglin
82%
Rozdymka | Pufferfish
82%
Dorsz | Cod
80%
Koń-Zombie | Zombie Horse
80%
Szlam | Slime
80%
Fantom | Phantom
77%
Rybik Cukrowy | Silverfish
77%
Shulker
77%
Nadzorca | Warden
75%
Wilk | Wolf
75%
Muł | Mule
74%
Pancernik | Armadillo
74%
Wielbłąd | Camel
74%
Żaba | Frog
74%
Zombie
74%
Wiedźma | Witch
72%
Żelazny Golem | Iron Golem
72%
Krowa Grzybowa | Mooshroom
70%
Utopiec | Drowned
70%
Żółw | Turtle
70%
Miedziany Golem | Copper Golem
69%
Niuchacz | Sniffer
69%
Ryba Tropikalna | Tropical Fish
69%
Świecąca Kałamarnica | Glow Squid
69%
Wither
69%
Strażnik | Guardian
67%
Wesoły Ghast | Happy Ghast
67%
Rozbójnik | Pillager
66%
Hoglin
64%
Dewastator | Ravager
62%
Otuszek | Allay
61%
Posuch | Husk
56%
Uschnięty Szkielet | Wither Skeleton
54%
Dręczyciel | Vex
52%
Zzombifikowany Piglin | Zombified Piglin
51%
Prastrażnik | Elder Guardian
49%
Piglin Okrutnik | Piglin Brute
44%
Przywoływacz | Evoker
44%
Wędrowny Handlarz | Wandering Trader
44%
Magmołaz | Strider
43%
Obrońca | Vindicator
43%
Zoglin
43%
Iluzjoner | Illusioner
41%
Tułacz | Stray
41%
Bagniak | Bogged
39%
Wichrzyk | Breeze
39%
Trzeszcz | Creaking
21%
Nie znaleziono quizów pasujących do podanych kryteriów
Rozkład punktacji
Procent ludzi z każdym wynikiem
Percentyl według liczby udzielonych odpowiedzi
Twoja historia wyników
Nie rozwiązałeś tego quizu od ostatniego zresetowania